00972nam a2200229 a 450000100100000000500170001000800410002704000250006808200150009310000310010824000440013924501240018326000290030730000180033649000510035450000740040570000350047970000400051483000580055495201130061299900170072500004212020201002035942.0131114s1970 sp 000 0 spa d aDO-SdBNPbspacBNPHU axxxbL388L1 aLausberg, Heinrichi96912210aRomanische Sprachwissenschaftlalemán10aLingüística románica /cHeinrich Lausberg ; traducción española de J. Pérez Riesco, E. Pascual Rodríguez. aMadrid :bGredos,c1970. a1v. ;c20 cm.1 aBiblioteca románica hispánicaamanualesv3 aIncluye referencias bibliográficas y notas al pie de las páginas.12aPérez Riesco, J.etr.96912312aPascual Rodríguez, E.etr.969124 0aBiblioteca románica hispánicapmanualesn3969125 001050718MOaPDbPDcCTd2013-11-14iLF1l0oxxx L388Lp42120-10r2020-06-25w2020-06-25y1ZNo se presta c41609d41609